救世軍創辦人 : 卜維廉傳奇的一生 = The life and ministry of William Booth {ch} / (Record no. 37077)
[ view plain ]
| 000 -LEADER | |
|---|---|
| fixed length control field | 01569cam a2200301Ia 4500 |
| 005 - DATE AND TIME OF LATEST TRANSACTION | |
| control field | 20181017134855.0 |
| 008 - FIXED-LENGTH DATA ELEMENTS--GENERAL INFORMATION | |
| fixed length control field | 110125s2010 cc c 000 0bchi d |
| 020 ## - INTERNATIONAL STANDARD BOOK NUMBER | |
| International Standard Book Number | 9789881901248 |
| 020 ## - INTERNATIONAL STANDARD BOOK NUMBER | |
| International Standard Book Number | 9881901243 |
| 035 ## - SYSTEM CONTROL NUMBER | |
| System control number | (OCoLC)698294646 |
| 040 ## - CATALOGING SOURCE | |
| Original cataloging agency | HUA |
| Transcribing agency | HUA |
| Modifying agency | CFT |
| -- | LGV |
| 041 1# - LANGUAGE CODE | |
| Language code of text/sound track or separate title | chi |
| Language code of original and/or intermediate translations of text | eng |
| 049 ## - LOCAL HOLDINGS (OCLC) | |
| Holding library | LGVC |
| 050 #4 - LIBRARY OF CONGRESS CALL NUMBER | |
| Classification number | BX9743.B7 |
| Item number | G7412 2010 |
| 100 1# - MAIN ENTRY--PERSONAL NAME | |
| Personal name | 格羅傑 Green, Roger Joseph. |
| 240 10 - UNIFORM TITLE | |
| Uniform title | Life & ministry of William Booth. |
| Language of a work | Chinese. |
| 245 10 - TITLE STATEMENT | |
| Title | 救世軍創辦人 : 卜維廉傳奇的一生 = The life and ministry of William Booth {ch} / |
| Statement of responsibility, etc | 格羅傑著 ; [葉金源譯] Roger Joseph Green |
| 250 ## - EDITION STATEMENT | |
| Edition statement | 初版. |
| 260 ## - PUBLICATION, DISTRIBUTION, ETC. (IMPRINT) | |
| Place of publication, distribution, etc | 香港 : |
| Name of publisher, distributor, etc | 傅三川 : |
| -- | 救世軍港澳區發行, |
| Date of publication, distribution, etc | 2010. |
| 300 ## - PHYSICAL DESCRIPTION | |
| Extent | xviii, 286 p. : |
| Other physical details | port. ; |
| Dimensions | 23 cm. |
| 500 ## - GENERAL NOTE | |
| General note | Translation of : The life & ministry of William Booth : founder of the Salvation Army / Roger J. Green ; Nashville, TN : Abingdon Press, c2005. |
| 504 ## - BIBLIOGRAPHY, ETC. NOTE | |
| Bibliography, etc | Includes bibliographical references p. 277 and index p. 280-286. |
| 520 ## - SUMMARY, ETC. | |
| Summary, etc | 本傳記展示了救世軍創辦人卜維廉(William Booth)的生平、事工與神學思想。卜維廉能成功地把一個小小的佈道團發展成一個全球性的教會組織,是因為他始終沒有放棄上帝賜予他的召命,勇敢地迎向種種挑戰。卜維廉這位老戰士的一生不但是救世軍人屬靈的模範,更是一個榮耀上帝的美好見證。<br/> |
| 600 10 - SUBJECT ADDED ENTRY--PERSONAL NAME | |
| Personal name | Booth, William, |
| Dates associated with a name | 1829-1912 {ch}. |
| 610 20 - SUBJECT ADDED ENTRY--CORPORATE NAME | |
| Corporate name or jurisdiction name as entry element | Salvation Army {ch}. |
| 700 ## - ADDED ENTRY--PERSONAL NAME | |
| Personal name | Geluojie zhu ; [Ye Jinyuan yi]. |
| 942 ## - ADDED ENTRY ELEMENTS (KOHA) | |
| Source of classification or shelving scheme | Library of Congress Classification |
| Item type | Books |
| Koha issues (borrowed), all copies | 3 |
| Withdrawn status | Lost status | Source of classification or shelving scheme | Damaged status | Not for loan | Home library | Current library | Shelving location | Date acquired | Source of acquisition | Cost, normal purchase price | Accession number | Total Checkouts | Full call number | Barcode | Date last seen | Date last borrowed | Price effective from | Koha item type |
|---|---|---|---|---|---|---|---|---|---|---|---|---|---|---|---|---|---|---|
| Library of Congress Classification | BSOP Library | BSOP Library | Chinese Books (General Circulation) | 10/15/2013 | CAP | 284.42 | C-11824 | 3 | BX9743.B7 G82 2010 | 00043624 | 10/23/2018 | 10/17/2018 | 10/15/2013 | Books |
